|
|
|
|
| LEADER |
00000cam a2200000 7i4500 |
| 001 |
0000026871 |
| 005 |
20160517.0 |
| 008 |
160512 my a f may |
| 040 |
|
|
|a INS
|
| 090 |
0 |
0 |
|a M397
|
| 110 |
1 |
|
|a Kursus transformasi budaya kerja : JPPH Negeri Sarawak ( Siri 1 ) ,
|d 2015 6 - 8 April
|c Riverside Majestic Hotel, Kuching Sarawak
|
| 245 |
0 |
0 |
|a Kursus transformasi budaya kerja : JPPH Negeri Sarawak ( Siri 1 ) :
|b 6 - 8 April 2015
|c Anjuran Pusat Pembangunan Profesional dan Eksekutif, INSPEN
|
| 260 |
|
|
|a Bangi :
|b Institut Penilaian Negara ,
|c 2015
|
| 300 |
|
|
|a 1 v. ( Mukasurat pelbagai ) :
|b ill. ;
|c 30 cm.
|
| 650 |
0 |
0 |
|a Career development
|
| 650 |
0 |
0 |
|a Personality development
|
| 650 |
0 |
0 |
|a Work ethic
|
| 710 |
1 |
|
|a INSPEN ( Institut Penilaian Negara )
|
| 999 |
|
|
|a M000001048
|b BOOK
|c Course Notes
|e Default branch
|
| 999 |
|
|
|a M000001049
|b BOOK
|c Course Notes
|e Default branch
|
| 999 |
|
|
|a M000001050
|b BOOK
|c Course Notes
|e Default branch
|